Aventuras de rufo y trufo (Record no. 184015)

MARC details
000 -LÍDER
campo de controle de tamanho fixo 00375 a2200169 4500
001 - NÚMERO DE CONTROLE
campo de controle 184015
020 ## - ISBN - INTERNATIONAL STANDARD BOOK NUMBER
ISBN - International Standard Book Number 85-322-5022-X
040 ## - FONTE DA CATALOGAÇÃO
Instituição que transcreveu o registro Magnum
100 ## - ENTRADA PRINCIPAL--NOME PESSOAL
Nome pessoal Iglesias, Carmen García
240 10 - TÍTULO UNIFORME
Título uniforme Aventuras de rufo y trufo
Idioma da obra ESP
245 10 - TÍTULO
Título Aventuras de rufo y trufo
300 ## - DESCRIÇÃO FÍSICA
Extensão 48
362 0# - DATAS DE PUBLICAÇÃO E/OU DESIGNAÇÃO SEQUENCIAL
Datas de publicação e/ou designação sequencial 2002
440 #1 - DECLARAÇÃO DE SÉRIE/ENTRADA ADICIONADA--TÍTULO
Título FTD
697 ## - ENTRADA DE ASSUNTO LOCAL--ENTIDADE COLETIVA (RLIN)
Nome corporativo ou nome da jurisdição LITERATURA ESPANHOLA
942 ## - ELEMENTOS DE ENTRADA ADICIONADOS (KOHA)
Tipo de material Koha Livros
Holdings
Situação do descarte Situação das perdas Situação física Não pode ser emprestado Biblioteca de origem Biblioteca atual Data de aquisição Total de empréstimos Número de chamada completo Código de barras Data de último acesso Data do preço efetivo Tipo de material Koha
        Magnum Magnum 08/06/2024   863.29 MAG00041140 08/06/2024 08/06/2024 Livros
        Magnum Magnum 08/06/2024   863.29 MAG00041141 08/06/2024 08/06/2024 Livros
        Magnum Magnum 08/06/2024   863.29 MAG00041142 08/06/2024 08/06/2024 Livros
        Magnum Magnum 08/06/2024   863.29 MAG00041143 08/06/2024 08/06/2024 Livros
        Magnum Magnum 08/06/2024   863.29 MAG00041144 08/06/2024 08/06/2024 Livros
        Magnum Magnum 08/06/2024   863.29 MAG00041145 08/06/2024 08/06/2024 Livros
        Magnum Magnum 08/06/2024   863.29 MAG00041146 08/06/2024 08/06/2024 Livros
        Magnum Magnum 08/06/2024   863.29 MAG00041147 08/06/2024 08/06/2024 Livros